| 000 | 01048cam a2200373 4500 | ||
|---|---|---|---|
| 001 | ABS61518 | ||
| 008 | 000000n1999 000 0 eng u | ||
| 035 | _a(Sirsi) u101621 | ||
| 245 | _aRegional survey: Manchester | ||
| 260 | _c1999 | ||
| 490 |
_aProperty Week _v64(42) 29 October 1999, 50-92(15) |
||
| 590 | _aABS | ||
| 650 | _aMANCHESTER | ||
| 650 | _aREGENERATION | ||
| 650 | _aPLANNING SYSTEM | ||
| 650 | _aBUSINESS PARKS | ||
| 650 | _aPROPERTY-COMMERCIAL PROPERTY-OFFICE PROPERTY-OFFICE PROPERTY MARKET | ||
| 650 | _aOFFICE RENTS | ||
| 650 | _aINVESTMENT MARKET | ||
| 650 | _aPROPERTY-COMMERCIAL PROPERTY-RETAIL PROPERTY-RETAIL PROPERTY MARKET | ||
| 650 | _aRETAIL RENTS | ||
| 650 | _aLEISURE MARKET | ||
| 650 | _aINDUSTRIAL MARKET | ||
| 650 | _aINDUSTRIAL RENTS | ||
| 650 | _aFREEHOLDS | ||
| 650 | _aTRANSPORT | ||
| 650 | _aWIGAN | ||
| 650 | _aBURY | ||
| 650 | _aSTOCKPORT | ||
| 650 | _aWYTHENSHAWE | ||
| 650 | _aSALE | ||
| 690 | _aPROPERTY-COMMERCIAL PROPERTY-COMMERCIAL PROPERTY MARKET | ||
| 942 | _n0 | ||
| 999 |
_c60750 _d60750 |
||